Medical negligence (Record no. 404692)

000 -LEADER
fixed length control field 00440cam a22001457a 4500
008 - FIXED-LENGTH DATA ELEMENTS--GENERAL INFORMATION
fixed length control field 180718b2004 xxu||||| |||| 00| 0 eng d
082 ## - DEWEY DECIMAL CLASSIFICATION NUMBER
Classification number O1x54 T969/2004
100 ## - MAIN ENTRY--PERSONAL NAME
Personal name Tyagi, S.P.
245 ## - TITLE STATEMENT
Title Medical negligence
Statement of responsibility, etc. by S.P. Tyagi
260 ## - PUBLICATION, DISTRIBUTION, ETC.
Place of publication, distribution, etc. Delhi
Name of publisher, distributor, etc. Vinod
Date of publication, distribution, etc. 2004
300 ## - PHYSICAL DESCRIPTION
Extent 922p.
650 ## - SUBJECT ADDED ENTRY--TOPICAL TERM
Topical term or geographic name entry element Consumer protection - Law and legislation - India
650 ## - SUBJECT ADDED ENTRY--TOPICAL TERM
Topical term or geographic name entry element Medical policy - India
650 ## - SUBJECT ADDED ENTRY--TOPICAL TERM
Topical term or geographic name entry element Medical care - Law and legislation - India
Holdings
Withdrawn status Lost status Damaged status Not for loan Permanent Location Current Location Date acquired Full call number Barcode Date last seen Price effective from Koha item type
        Indian Institute of Public Administration Indian Institute of Public Administration 2005-11-28 O1x54 T969/2004 80622 2018-07-21 2018-07-21 Book

Powered by Koha